Pandémia otriasla tradičnými logistickými trasami

Zvyšovanie dopytu po logistických nehnuteľnostiach, ktoré sú blízko ku koncovým spotrebiteľom nárastom e-commerce počas pandémie ochorenia COVID‑19 spôsobeného novým koronavírusom, keďže klienti e-shopov očakávajú skracovanie termínov dodania zásielok a firmy sa tak snažia byť čo najbližšie ku kupuj...

Descripción completa

Guardado en:
Detalles Bibliográficos
Autor principal: Szmrecsányi, Tomáš
Formato: Capítulo de libro
Lenguaje:eslovaco
Materias:
Etiquetas: Agregar Etiqueta
Sin Etiquetas, Sea el primero en etiquetar este registro!

MARC

LEADER 00000naa a2200000 4500
001 0281717
005 20240417075152.5
041 0 |a slo 
044 |a SK 
245 1 0 |a Pandémia otriasla tradičnými logistickými trasami  |c Tomáš Szmrecsányi 
520 |a Zvyšovanie dopytu po logistických nehnuteľnostiach, ktoré sú blízko ku koncovým spotrebiteľom nárastom e-commerce počas pandémie ochorenia COVID‑19 spôsobeného novým koronavírusom, keďže klienti e-shopov očakávajú skracovanie termínov dodania zásielok a firmy sa tak snažia byť čo najbližšie ku kupujúcim. Očakávanie tohto fenoménu ako kľúčového faktora pre development aj v budúcnosti. Výpadky v dodávkach komponentov pre všetky druhy priemyslu a rapídne zvyšovanie cien kvôli narušeným dodávateľským reťazcom. 
610 2 0 |a logistika 
610 2 0 |a logistika distribučná 
610 2 0 |a logistika podniková 
610 2 0 |a reťazce logistické 
610 2 0 |a reťazce distribučné 
610 2 0 |a reťazce dodávateľsko-odberateľské 
610 2 0 |a obchod elektronický 
610 2 0 |a zvyšovanie cien 
610 2 0 |a pandémia 
610 2 0 |a koronakríza 
100 1 |a Szmrecsányi, Tomáš